000 00447cam a2200181ua 4500
020 _c3.50
041 _ahin
_h
082 _a891.43
_bBHA/MA
100 _aBhagvathi Prasad , Vajpeyi .
245 _aMadhuparkre /
_cBhagvathi Prasad Vajpeyi.
_hTextual Documents
250 _a3 /
_b.
260 _a :
_bGanga Pustakamala Karyalay ,
_c1964.
300 _a192 ; .
365 _a3.50
504 _a
942 _cBK
999 _c12494
_d12494